000 00734cab a2200241 4500
001 E2709
008 090401t1996 xxu||||| |||| 00| 0 eng d
035 _a(Sirsi) u40592
041 _aeng
100 _aSmith, D.
245 _aSuccession to crofts
260 _c1996
350 _a0
490 _aJournal of the Law Society of Scotland
_v41(5) May 1996, 183-185(3)
520 _aBased on a paper given to the Crofters Law Group, which covers time-limits, unavoidable delays and nullities.
650 _aCROFTERS (SCOTLAND) ACT 1993
650 _aCROFTING
650 _aSCOTLAND
650 _aSUCCESSION (SCOTLAND) ACT 1964
690 _aLANDLORD AND TENANT-AGRICULTURAL TENANCIES
942 _n0
948 _c04/03/1997
999 _c26007
_d26007